[Event "Massachusets op 67th"]
[Site "USA"]
[Date "1998.??.??"]
[Round "?"]
[White "Sulman, Robert M"]
[Black "Bryan, Jarod J"]
[Result "0-1"]
[WhiteElo "2280"]
[BlackElo "2265"]
[PlyCount "70"]
[EventDate "1998.??.??"]
[EventType "swiss"]
[EventRounds "6"]
[EventCountry "USA"]
[SourceTitle "EXT 2002"]
[Source "ChessBase"]
[SourceDate "2001.11.25"]
[SourceVersion "1"]
[SourceVersionDate "2001.11.25"]
[SourceQuality "1"]

1. e4 d5 2. exd5 Nf6 3. d4 Nxd5 4. c4 Nb6 5. Nc3 e5 6. dxe5 Qxd1+ 7. Nxd1 Nc6 8. f4 f6 9. exf6 Bb4+ 10. Kf2 gxf6 11. a3 Bf8 12. Ne3 Be6 13. Nf3 a5 14. b3 Bc5 15. Bb2 0-0 16. Re1 Rad8 17. Kg3 Ne7 18. Nh4 Rd2 19. Bc3 Ra2 20. Nd1 Kf7 21. f5 Rg8+ 22. Kf4 Bd6+ 23. Kf3 Nxf5 24. Nxf5 Bxf5 25. Ne3 Bd7 26. Bd3 Rxa3 27. Bxh7 Bc6+ 28. Ke2 Rg7 29. Bc2 Bxg2 30. Rhg1 Ra2 31. Kd3 Bh3 32. Rxg7+ Kxg7 33. Rg1+ Kf7 34. Ng4 Nd7 35. Nf2 Bf5+ 0-1

[Event "Newton op 20th"]
[Site "Watertown"]
[Date "1997.12.20"]
[Round "4"]
[White "Curdo, John"]
[Black "Bryan, Jarod J"]
[Result "1/2-1/2"]
[WhiteElo "2409"]
[BlackElo "2273"]
[PlyCount "49"]
[EventDate "1997.12.20"]
[EventType "swiss"]
[EventRounds "4"]
[EventCountry "USA"]
[SourceTitle "EXT 2005"]
[Source "ChessBase"]
[SourceDate "2004.11.15"]
[SourceVersion "1"]
[SourceVersionDate "2004.11.15"]
[SourceQuality "1"]

1. e4 d5 2. exd5 Nf6 3. Nc3 Nxd5 4. Bc4 e6 5. Qf3 Nb6 6. Bb3 Be7 7. Nge2 Bd7 8. 0-0 0-0 9. a4 Bc6 10. Qh3 Nd5 11. Nxd5 Bxd5 12. Bxd5 Qxd5 13. Nc3 Qc6 14. d3 Na6 15. Qg3 Bd6 16. Bf4 Nb4 17. Rfc1 Nd5 18. Nxd5 Qxd5 19. Bxd6 cxd6 20. Qe3 Rfc8 21. c4 Qa5 22. b3 Rc6 23. d4 Rac8 24. Qc3 Qc7 25. Qg3 1/2-1/2

[Event "New England op 57th"]
[Site "USA"]
[Date "1997.??.??"]
[Round "?"]
[White "Bauer, Richard N"]
[Black "Bryan, Jarod J"]
[Result "1-0"]
[WhiteElo "2235"]
[BlackElo "2280"]
[PlyCount "37"]
[EventDate "1997.??.??"]
[EventType "swiss"]
[EventRounds "6"]
[EventCountry "USA"]
[SourceTitle "EXT 2003"]
[Source "ChessBase"]
[SourceDate "2002.11.25"]
[SourceVersion "1"]
[SourceVersionDate "2002.11.25"]
[SourceQuality "1"]

1. e4 d5 2. exd5 Nf6 3. Nf3 Nxd5 4. d4 Bg4 5. c4 Nb6 6. c5 Bxf3 7. Qxf3 Nd5 8. Bg5 Qd7 9. Nc3 e6 10. Bc4 c6 11. 0-0 Be7 12. Bxe7 Nxe7 13. Rad1 0-0 14. Rfe1 Qc7 15. Rxe6 Na6 16. Re5 Rad8 17. a3 Rxd4 18. Rxd4 Qxe5 19. Qxf7+ 1-0